[Event "HUN-chT2 Charousek 1718"]
[Site "Hungary"]
[Date "2017.12.03"]
[Round "3.9"]
[White "Bea, Boglarka"]
[Black "Losonczi, Marcell"]
[Result "0-1"]
[WhiteElo "2080"]
[BlackElo "2242"]
[PlyCount "100"]
[EventDate "2017.10.29"]
[EventType "team-tourn"]
[EventRounds "9"]
[EventCountry "HUN"]
[SourceTitle "EXT 2020"]
[Source "ChessBase"]
[SourceDate "2019.10.17"]
[SourceVersion "1"]
[SourceVersionDate "2019.10.17"]
[SourceQuality "1"]
[WhiteTeam "Penzugyor"]
[BlackTeam "Paks ASE II"]
[WhiteTeamCountry "HUN"]
[BlackTeamCountry "HUN"]

1. e4 e5 2. Nf3 Nc6 3. Bb5 a6 4. Ba4 Nf6 5. 0-0 Be7 6. Re1 b5 7. Bb3 0-0 8. c3 d5 9. d4 exd4 10. e5 Ne4 11. Nxd4 Nxe5 12. f3 c5 13. Bxd5 Qxd5 14. Nf5 Nxf3+ 15. gxf3 Qxf5 16. Rxe4 Qg6+ 17. Kf2 Bh3 18. Qg1 Rae8 19. Qxg6 fxg6 20. Be3 Rf7 21. Bg5 Bf5 22. Rxe7 Rfxe7 23. Bxe7 Rxe7 24. Nd2 c4 25. Nf1 g5 26. Ne3 Bd3 27. Re1 Kf7 28. Nd5 Rxe1 29. Kxe1 Bf5 30. Kf2 Bc8 31. Ke3 Ke6 32. Kd4 Bb7 33. Nb4 Kd6 34. Ke3 Ke5 35. Nc2 h5 36. Nd4 g6 37. a3 Bd5 38. Ne2 Bc6 39. Nd4 Bd7 40. Ne2 g4 41. f4+ Kd5 42. Ng3 Bf5 43. Ne2 Be4 44. Ng3 Bd3 45. Nh1 h4 46. Nf2 Bf5 47. Nh1 a5 48. Nf2 g3 49. hxg3 hxg3 50. Nd1 Bc2 0-1

[Event "Budapest-chT1 Lilienthal 1718"]
[Site "Budapest"]
[Date "2017.10.15"]
[Round "2"]
[White "Kassay, Krisztian"]
[Black "Bea, Boglarka"]
[Result "1-0"]
[WhiteElo "2170"]
[BlackElo "2074"]
[PlyCount "77"]
[EventDate "2017.10.01"]
[EventType "team-tourn"]
[EventRounds "13"]
[EventCountry "HUN"]
[SourceTitle "EXT 2021"]
[Source "ChessBase"]
[SourceDate "2020.10.23"]
[SourceVersion "1"]
[SourceVersionDate "2020.10.23"]
[SourceQuality "1"]
[WhiteTeam "Csepel"]
[BlackTeam "Penzugyor III"]
[WhiteTeamCountry "HUN"]
[BlackTeamCountry "HUN"]

1. e4 c5 2. Nf3 e6 3. d4 cxd4 4. Nxd4 Nc6 5. Nc3 Qc7 6. Be3 a6 7. Be2 Nf6 8. 0-0 Be7 9. Kh1 0-0 10. f4 d6 11. a4 Na5 12. f5 Nc4 13. Bxc4 Qxc4 14. Qf3 Nd7 15. Qg3 Nf6 16. Rad1 e5 17. Bh6 Nh5 18. Qg4 exd4 19. Nd5 Bd8 20. Qxh5 gxh6 21. Qxh6 Bxf5 22. Rxf5 f6 23. Rd3 Rf7 24. Nxf6+ Bxf6 25. Rxf6 Qxc2 26. Rg3+ Kh8 27. h3 Qc4 28. Rxf7 Qxf7 29. Qxd6 Rg8 30. Qxd4+ Rg7 31. Rxg7 Qxg7 32. Qd8+ Qg8 33. Qxg8+ Kxg8 34. Kg1 Kf7 35. Kf2 Ke6 36. Ke3 Ke5 37. a5 Ke6 38. Kd4 Kd6 39. e5+ 1-0

[Event "HUN-chT2 Maroczy 1516"]
[Site "Hungary"]
[Date "2016.02.14"]
[Round "5.8"]
[White "Hargittay, Szabolcs"]
[Black "Bea, Boglarka"]
[Result "1-0"]
[WhiteElo "2150"]
[BlackElo "2095"]
[PlyCount "49"]
[EventDate "2015.10.18"]
[EventType "team-tourn"]
[EventRounds "9"]
[EventCountry "HUN"]
[SourceTitle "EXT 2017"]
[Source "ChessBase"]
[SourceDate "2016.10.25"]
[SourceVersion "1"]
[SourceVersionDate "2016.10.25"]
[SourceQuality "1"]
[WhiteTeam "MLTC"]
[BlackTeam "Penzugyor"]
[WhiteTeamCountry "HUN"]
[BlackTeamCountry "HUN"]

1. e4 c5 2. Nf3 e6 3. d4 cxd4 4. Nxd4 Nc6 5. c4 Qc7 6. Nc3 a6 7. Be3 Nf6 8. Be2 Bb4 9. Nxc6 bxc6 10. f3 0-0 11. Rc1 Bb7 12. 0-0 Rac8 13. c5 d6 14. Na4 Bxc5 15. Nxc5 dxc5 16. Bxc5 Rfd8 17. Qc2 Nd7 18. Be3 e5 19. Rfd1 Nf8 20. Qb3 Rxd1+ 21. Rxd1 Ne6 22. Bc4 Qe7 23. Qb6 Ra8 24. Bxe6 fxe6 25. Bc5 1-0

[Event "Budapest-chT1 Lilienthal 1516"]
[Site "Budapest"]
[Date "2015.11.15"]
[Round "4"]
[White "Bea, Boglarka"]
[Black "Ngo Tan, Don"]
[Result "0-1"]
[WhiteElo "2081"]
[BlackElo "2309"]
[PlyCount "104"]
[EventDate "2015.09.20"]
[EventType "team-tourn"]
[EventRounds "9"]
[EventCountry "HUN"]
[SourceTitle "EXT 2021"]
[Source "ChessBase"]
[SourceDate "2020.10.23"]
[SourceVersion "1"]
[SourceVersionDate "2020.10.23"]
[SourceQuality "1"]
[WhiteTeam "Penzugyor III"]
[BlackTeam "Barcza GSC"]
[WhiteTeamCountry "HUN"]
[BlackTeamCountry "HUN"]

1. e4 c5 2. Nf3 g6 3. d4 cxd4 4. Nxd4 Nf6 5. Nc3 Nc6 6. Nde2 Bg7 7. g3 0-0 8. Bg2 d6 9. h3 Be6 10. 0-0 Rc8 11. Nd5 Ne5 12. Nef4 Nxd5 13. Nxd5 Nc4 14. c3 a6 15. a4 Re8 16. Kh2 Bxd5 17. exd5 Qb6 18. Qc2 e5 19. dxe6 fxe6 20. Rb1 d5 21. Qd3 Qb3 22. f4 Nb6 23. Ra1 Nc4 24. Qd1 Qb6 25. Qe2 Kh8 26. Bf3 Rcd8 27. a5 Nxa5 28. Be3 Qc7 29. Qf2 Nc4 30. Bd4 Bxd4 31. Qxd4+ Qg7 32. Qf2 Qf6 33. Rad1 a5 34. b3 Nd6 35. Rd3 Ne4 36. Qb6 Nxc3 37. Qxa5 Ne4 38. Bxe4 dxe4 39. Rxd8 Rxd8 40. Re1 Qd4 41. Re2 b6 42. Qg5 Rd7 43. Rc2 Kg7 44. h4 h6 45. Qb5 e3 46. Qc6 Qd3 47. Ra2 Kf7 48. h5 e2 49. hxg6+ Kf6 50. Qc1 Rd5 51. Qb2+ Kxg6 52. Qxe2 Rh5+ 0-1

[Event "HUN-chT2 Maroczy 1314"]
[Site "Hungary"]
[Date "2014.04.13"]
[Round "10"]
[White "Bea, Boglarka"]
[Black "Mihok, Laszlo"]
[Result "1/2-1/2"]
[WhiteElo "2135"]
[BlackElo "2072"]
[PlyCount "44"]
[EventDate "2013.09.08"]
[EventType "team-tourn"]
[EventRounds "11"]
[EventCountry "HUN"]
[SourceTitle "EXT 2016"]
[Source "ChessBase"]
[SourceDate "2015.10.08"]
[SourceVersion "1"]
[SourceVersionDate "2015.10.08"]
[SourceQuality "1"]
[WhiteTeam "Penzugyor II"]
[BlackTeam "Budapest MLTC II"]
[WhiteTeamCountry "HUN"]
[BlackTeamCountry "HUN"]

1. e4 e5 2. Nf3 Nc6 3. Bb5 a6 4. Ba4 Nge7 5. 0-0 g6 6. c3 Bg7 7. d4 exd4 8. cxd4 b5 9. Bb3 0-0 10. Nc3 d6 11. h3 Na5 12. Bc2 Bb7 13. Bf4 Nc4 14. Qc1 Kh8 15. b3 Nb6 16. Bh6 f5 17. Bxg7+ Kxg7 18. Ng5 Qd7 19. d5 Kg8 20. Ne6 Rf7 21. Ng5 Rff8 22. Ne6 Rf7 1/2-1/2

[Event "HUN-chT2 Maroczy 1314"]
[Site "Hungary"]
[Date "2014.03.02"]
[Round "8"]
[White "Bea, Boglarka"]
[Black "Toth, Tamas3333"]
[Result "1/2-1/2"]
[WhiteElo "2135"]
[BlackElo "1879"]
[PlyCount "64"]
[EventDate "2013.09.08"]
[EventType "team-tourn"]
[EventRounds "11"]
[EventCountry "HUN"]
[SourceTitle "EXT 2016"]
[Source "ChessBase"]
[SourceDate "2015.10.08"]
[SourceVersion "1"]
[SourceVersionDate "2015.10.08"]
[SourceQuality "1"]
[WhiteTeam "Penzugyor II"]
[BlackTeam "Hajduboszormeny"]
[WhiteTeamCountry "HUN"]
[BlackTeamCountry "HUN"]

1. e4 c5 2. Nf3 d6 3. d4 cxd4 4. Qxd4 Nc6 5. Bb5 Bd7 6. Bxc6 bxc6 7. Nc3 Qc7 8. 0-0 e5 9. Qd3 h6 10. Be3 Nf6 11. h3 Be7 12. Nd2 0-0 13. f4 Rfd8 14. fxe5 dxe5 15. Qe2 Be6 16. Nb3 Rab8 17. Qf2 a5 18. Qg3 Nh5 19. Qf3 Nf6 20. Rad1 Rxd1 21. Rxd1 Rd8 22. Rxd8+ Qxd8 23. Qg3 Bxb3 24. axb3 Qd6 25. Kh2 c5 26. Qf3 Qc6 27. Bf2 c4 28. bxc4 Qxc4 29. Bh4 Nd5 30. Nxd5 Bxh4 31. Qg4 Bg5 32. c3 g6 1/2-1/2

[Event "Budapest-chT1 Lilienthal 1314"]
[Site "Budapest"]
[Date "2014.01.19"]
[Round "6"]
[White "Bea, Boglarka"]
[Black "Havasi, Janos"]
[Result "1/2-1/2"]
[WhiteElo "2135"]
[BlackElo "2187"]
[PlyCount "98"]
[EventDate "2013.09.29"]
[EventType "team-tourn"]
[EventRounds "11"]
[EventCountry "HUN"]
[SourceTitle "EXT 2021"]
[Source "ChessBase"]
[SourceDate "2020.10.23"]
[SourceVersion "1"]
[SourceVersionDate "2020.10.23"]
[SourceQuality "1"]
[WhiteTeam "Penzugyor III"]
[BlackTeam "Budapest Vasas II"]
[WhiteTeamCountry "HUN"]
[BlackTeamCountry "HUN"]

1. e4 e6 2. d4 d5 3. Nc3 Nf6 4. e5 Nfd7 5. f4 c5 6. Nf3 Nc6 7. Be3 a6 8. Qd2 cxd4 9. Nxd4 Nxd4 10. Bxd4 Bc5 11. Rd1 Bxd4 12. Qxd4 Qb6 13. Qxb6 Nxb6 14. Rd4 0-0 15. Be2 Nd7 16. a4 Nb8 17. Bf3 Nc6 18. Rd2 Rb8 19. 0-0 Bd7 20. b3 Rfc8 21. Ne2 Be8 22. g4 Rc7 23. Rf2 Rbc8 24. Bg2 b5 25. axb5 axb5 26. Bf1 Rb8 27. Nd4 Nxd4 28. Rxd4 Rc3 29. Bd3 Rc7 30. f5 exf5 31. gxf5 Bc6 32. Rg2 Re8 33. Rdg4 g6 34. e6 fxe6 35. fxg6 h5 36. Rh4 e5 37. Bf5 Bd7 38. Rxh5 Bxf5 39. Rxf5 d4 40. h4 Kg7 41. h5 b4 42. Re2 e4 43. Rd5 Kh6 44. Rxd4 Kxh5 45. Rdxe4 Rxe4 46. Rxe4 Kxg6 47. Re2 Kf5 48. Kf1 Rc5 49. Kf2 Kf4 1/2-1/2

[Event "Budapest-chT1 Lilienthal 1314"]
[Site "Budapest"]
[Date "2013.10.13"]
[Round "2"]
[White "Borda, Lajos"]
[Black "Bea, Boglarka"]
[Result "0-1"]
[WhiteElo "2151"]
[BlackElo "2135"]
[PlyCount "88"]
[EventDate "2013.09.29"]
[EventType "team-tourn"]
[EventRounds "11"]
[EventCountry "HUN"]
[SourceTitle "EXT 2021"]
[Source "ChessBase"]
[SourceDate "2020.10.23"]
[SourceVersion "1"]
[SourceVersionDate "2020.10.23"]
[SourceQuality "1"]
[WhiteTeam "Taban Spartacus II"]
[BlackTeam "Penzugyor III"]
[WhiteTeamCountry "HUN"]
[BlackTeamCountry "HUN"]

1. e4 c5 2. Nf3 e6 3. a3 Nc6 4. d4 cxd4 5. Nxd4 Qc7 6. Be2 Nf6 7. Nc3 a6 8. Be3 Be7 9. f4 d6 10. Nxc6 bxc6 11. 0-0 0-0 12. Kh1 Bb7 13. Bd3 c5 14. Qe2 d5 15. e5 Nd7 16. Bxh7+ Kxh7 17. Qh5+ Kg8 18. Rf3 f6 19. Rh3 Bd8 20. f5 Qxe5 21. Qh7+ Kf7 22. Bh6 Qxf5 23. Qxg7+ Ke8 24. Qg3 Rf7 25. Re1 e5 26. Rh4 Be7 27. Rg4 Nb6 28. Rg8+ Kd7 29. Rxa8 Bxa8 30. Qg8 Qh7 31. Qb8 Bd8 32. Na4 Nxa4 33. Qxa8 Nb6 34. Qb7+ Bc7 35. b4 Qxh6 36. bxc5 Qd2 37. Rf1 Nc4 38. Qxa6 Qa5 39. c6+ Kd6 40. Qc8 Nd2 41. Qe8 Nxf1 42. Qxf7 Ne3 43. Qxf6+ Kc5 44. Qf2 Qc3 0-1

[Event "HUN-chT2 Maroczy 1314"]
[Site "Hungary"]
[Date "2013.09.08"]
[Round "1"]
[White "Bea, Boglarka"]
[Black "Dombai, Istvan"]
[Result "0-1"]
[WhiteElo "2135"]
[BlackElo "2207"]
[PlyCount "46"]
[EventDate "2013.09.08"]
[EventType "team-tourn"]
[EventRounds "11"]
[EventCountry "HUN"]
[SourceTitle "EXT 2016"]
[Source "ChessBase"]
[SourceDate "2015.10.08"]
[SourceVersion "1"]
[SourceVersionDate "2015.10.08"]
[SourceQuality "1"]
[WhiteTeam "Penzugyor II"]
[BlackTeam "Szigetszentmiklos"]
[WhiteTeamCountry "HUN"]
[BlackTeamCountry "HUN"]

1. e4 c5 2. Nf3 d6 3. d4 cxd4 4. Qxd4 a6 5. c4 Nc6 6. Qd2 e6 7. Nc3 Qc7 8. b3 Nf6 9. Bb2 Be7 10. Be2 b6 11. 0-0 Bb7 12. Rfe1 Ne5 13. Bd1 0-0 14. Nd4 Nc6 15. Nc2 Rad8 16. f4 d5 17. cxd5 exd5 18. e5 Ne4 19. Nxe4 dxe4 20. Qe2 Nb4 21. Nxb4 Bxb4 22. Rc1 Qe7 23. Bc2 Rd2 0-1

[Event "HUN-chT2 Maroczy 1314"]
[Site "Hungary"]
[Date "2013.08.22"]
[Round "2"]
[White "Bea, Boglarka"]
[Black "Linczer, Janos"]
[Result "1/2-1/2"]
[WhiteElo "2135"]
[BlackElo "2123"]
[PlyCount "96"]
[EventDate "2013.09.08"]
[EventType "team-tourn"]
[EventRounds "11"]
[EventCountry "HUN"]
[SourceTitle "EXT 2016"]
[Source "ChessBase"]
[SourceDate "2015.10.08"]
[SourceVersion "1"]
[SourceVersionDate "2015.10.08"]
[SourceQuality "1"]
[WhiteTeam "Penzugyor II"]
[BlackTeam "Szeged Maroczy"]
[WhiteTeamCountry "HUN"]
[BlackTeamCountry "HUN"]

1. e4 e5 2. Nf3 Nc6 3. Bb5 a6 4. Ba4 Nf6 5. 0-0 Be7 6. Re1 b5 7. Bb3 0-0 8. d4 d6 9. c3 Bg4 10. Be3 Na5 11. dxe5 Bxf3 12. Qxf3 dxe5 13. Bc2 Nc4 14. Bc1 Re8 15. b3 Nb6 16. Nd2 c5 17. Nf1 c4 18. Ne3 g6 19. Qg3 Nh5 20. Qg4 Qc8 21. Qxc8 Raxc8 22. bxc4 Nxc4 23. Nd5 Kg7 24. a4 Nf6 25. Nxe7 Rxe7 26. axb5 axb5 27. Rb1 Rb7 28. Bd3 Ne8 29. f4 Ned6 30. Bf1 f6 31. g3 Ra8 32. Rb3 Ra4 33. Rb4 Ra2 34. Rd1 Rc2 35. fxe5 fxe5 36. Bb2 Rb6 37. Ba1 Kf6 38. Rdb1 Nd2 39. R1b2 Rxb2 40. Bxb2 Nxf1 41. Kxf1 Ra6 42. Ke2 Ra2 43. Kd3 Ke6 44. Kc2 Kd7 45. Kb1 Ra5 46. Kc2 Ra8 47. c4 Nxc4 48. Rxb5 Nxb2 1/2-1/2

[Event "Budapest-chT1 Lilienthal 1213"]
[Site "Budapest"]
[Date "2012.12.09"]
[Round "5"]
[White "Szajbely, Zsigmond"]
[Black "Bea, Boglarka"]
[Result "0-1"]
[WhiteElo "2261"]
[BlackElo "2141"]
[PlyCount "80"]
[EventDate "2012.09.30"]
[EventType "team-tourn"]
[EventRounds "11"]
[EventCountry "HUN"]
[SourceTitle "EXT 2019"]
[Source "ChessBase"]
[SourceDate "2018.10.10"]
[SourceVersion "1"]
[SourceVersionDate "2018.10.10"]
[SourceQuality "1"]
[WhiteTeam "Budapest RAC"]
[BlackTeam "Penzugyor III"]
[WhiteTeamCountry "HUN"]
[BlackTeamCountry "HUN"]

1. e4 c5 2. Nf3 e6 3. d4 cxd4 4. Nxd4 Nc6 5. Nc3 Qc7 6. Ndb5 Qb8 7. Be3 a6 8. Bb6 axb5 9. Nxb5 Bb4+ 10. c3 Ba5 11. Nc7+ Qxc7 12. Bxc7 Bxc7 13. Qg4 g6 14. Bb5 h5 15. Qe2 Nge7 16. 0-0 d5 17. f3 0-0 18. a4 dxe4 19. fxe4 Ne5 20. h3 f5 21. b4 b6 22. exf5 exf5 23. c4 Bb7 24. Qe3 Rad8 25. Qg5 Rf7 26. Rfd1 Rdf8 27. a5 bxa5 28. bxa5 f4 29. Bd7 Rf6 30. Re1 f3 31. Rxe5 Bxe5 32. Qxe5 fxg2 33. Be6+ Kh7 34. Bd5 Rf1+ 35. Kxg2 Bxd5+ 36. Kg3 Nf5+ 37. Kh2 Rf2+ 38. Kg1 Rg2+ 39. Kh1 Ba8 40. Qc7+ Kg8 0-1

[Event "HUN-chT2 Charousek 1213"]
[Site "Hungary"]
[Date "2012.12.02"]
[Round "5"]
[White "Bea, Boglarka"]
[Black "Dankhazi, Andras"]
[Result "1/2-1/2"]
[WhiteElo "2141"]
[BlackElo "2140"]
[PlyCount "36"]
[EventDate "2012.09.16"]
[EventType "team-tourn"]
[EventRounds "11"]
[EventCountry "HUN"]
[SourceTitle "EXT 2014"]
[Source "ChessBase"]
[SourceDate "2013.11.20"]
[SourceVersion "1"]
[SourceVersionDate "2013.11.20"]
[SourceQuality "1"]
[WhiteTeam "Penzugyor II"]
[BlackTeam "Paks II"]
[WhiteTeamCountry "HUN"]
[BlackTeamCountry "HUN"]

1. e4 e5 2. Nf3 Nc6 3. Bb5 a6 4. Ba4 Nf6 5. 0-0 Be7 6. Re1 b5 7. Bb3 0-0 8. d4 d6 9. c3 Bg4 10. Be3 exd4 11. cxd4 Na5 12. Bc2 c5 13. Nbd2 cxd4 14. Bxd4 Nc6 15. Be3 d5 16. exd5 Nb4 17. Bb1 Nbxd5 18. Bd4 Nf4 1/2-1/2

[Event "Budapest-chT1 Lilienthal 1213"]
[Site "Budapest"]
[Date "2012.11.11"]
[Round "3"]
[White "Grimm, Daniel"]
[Black "Bea, Boglarka"]
[Result "0-1"]
[WhiteElo "2151"]
[BlackElo "2141"]
[PlyCount "104"]
[EventDate "2012.09.30"]
[EventType "team-tourn"]
[EventRounds "11"]
[EventCountry "HUN"]
[SourceTitle "EXT 2019"]
[Source "ChessBase"]
[SourceDate "2018.10.10"]
[SourceVersion "1"]
[SourceVersionDate "2018.10.10"]
[SourceQuality "1"]
[WhiteTeam "Barcza GSC"]
[BlackTeam "Penzugyor III"]
[WhiteTeamCountry "HUN"]
[BlackTeamCountry "HUN"]

1. e4 c5 2. Nf3 e6 3. d4 cxd4 4. Nxd4 Nc6 5. Nb5 d6 6. Bf4 e5 7. Be3 Nf6 8. Bg5 Be6 9. Nd2 Be7 10. Bxf6 Bxf6 11. Bc4 0-0 12. 0-0 Rc8 13. Bb3 d5 14. exd5 Bxd5 15. Bxd5 Qxd5 16. Nc3 Qe6 17. Nce4 Be7 18. c3 f5 19. Ng3 Kh8 20. Qe2 Qg6 21. Rad1 a6 22. Kh1 e4 23. Nc4 Rcd8 24. Rxd8 Rxd8 25. f3 b5 26. Na3 Bh4 27. fxe4 Bxg3 28. hxg3 fxe4 29. Nc2 Ne5 30. Ne3 Qxg3 31. Rf5 g6 32. Rf2 Kg8 33. a4 Nd3 34. Rf1 Rf8 35. Rxf8+ Kxf8 36. axb5 axb5 37. Nd5 Qg5 38. Ne3 Nxb2 39. Qf2+ Kg8 40. Qxb2 Qh6+ 41. Kg1 Qxe3+ 42. Kh2 Qc5 43. Qb3+ Kg7 44. Qe6 e3 45. g4 Kh6 46. Qf6 e2 47. g5+ Qxg5 48. Qf8+ Kh5 49. Qf3+ Qg4 50. Qd5+ Kh6 51. Qd2+ Kg7 52. Qe3 Qh4+ 0-1

[Event "Budapest-chT1 Lilienthal 1213"]
[Site "Budapest"]
[Date "2012.10.14"]
[Round "2"]
[White "Bea, Boglarka"]
[Black "Bednay, Dezso"]
[Result "0-1"]
[WhiteElo "2141"]
[BlackElo "2255"]
[PlyCount "100"]
[EventDate "2012.09.30"]
[EventType "team-tourn"]
[EventRounds "11"]
[EventCountry "HUN"]
[SourceTitle "EXT 2019"]
[Source "ChessBase"]
[SourceDate "2018.10.10"]
[SourceVersion "1"]
[SourceVersionDate "2018.10.10"]
[SourceQuality "1"]
[WhiteTeam "Penzugyor III"]
[BlackTeam "Budapest SENSE"]
[WhiteTeamCountry "HUN"]
[BlackTeamCountry "HUN"]

1. e4 c6 2. d4 d5 3. Nc3 dxe4 4. Nxe4 Bf5 5. Nc5 Qc7 6. Nf3 e6 7. Nd3 Nd7 8. g3 Ngf6 9. Bg2 c5 10. Bf4 Bd6 11. Bxd6 Qxd6 12. dxc5 Nxc5 13. Nxc5 Qxc5 14. c3 0-0 15. 0-0 Rfd8 16. Qa4 Be4 17. Rad1 Bc6 18. Qf4 Qa5 19. a3 h6 20. Rfe1 Qh5 21. Nd4 Bxg2 22. Kxg2 Rd5 23. Qf3 Qxf3+ 24. Nxf3 Rad8 25. Rxd5 Rxd5 26. Re5 Rd6 27. Nd4 Kf8 28. h3 Nd7 29. Re2 a6 30. Nc2 Ke7 31. Ne3 g6 32. Nc4 Rd5 33. f4 b5 34. Ne3 Rd3 35. Kf2 Kd6 36. Nc2 Nc5 37. Nd4 f5 38. Nf3 Ne4+ 39. Kg2 g5 40. fxg5 hxg5 41. g4 Kd5 42. gxf5 exf5 43. Ne1 Rd2 44. Rxd2+ Nxd2 45. Nd3 Ke4 46. Nc5+ Ke3 47. Nxa6 f4 48. Nb4 f3+ 49. Kg3 f2 50. Nc2+ Kd3 0-1

[Event "HUN-chT 1213"]
[Site "Hungary"]
[Date "2012.10.07"]
[Round "2"]
[White "Bea, Boglarka"]
[Black "Kantor, Gergely"]
[Result "0-1"]
[WhiteElo "2141"]
[BlackElo "2310"]
[PlyCount "108"]
[EventDate "2012.09.16"]
[EventType "team-tourn"]
[EventRounds "9"]
[EventCountry "HUN"]
[SourceTitle "EXT 2013"]
[Source "ChessBase"]
[SourceDate "2012.11.22"]
[SourceVersion "1"]
[SourceVersionDate "2012.11.22"]
[SourceQuality "1"]
[WhiteTeam "Penzugyor"]
[BlackTeam "Aquaprofit"]
[WhiteTeamCountry "HUN"]
[BlackTeamCountry "HUN"]

1. e4 c5 2. Nf3 d6 3. d4 cxd4 4. Nxd4 Nf6 5. Nc3 e6 6. Bg5 Be7 7. Qd2 0-0 8. 0-0-0 a6 9. f4 Nbd7 10. Be2 Qc7 11. Bf3 h6 12. Bxf6 Bxf6 13. g4 Nb6 14. h4 e5 15. Nde2 exf4 16. Nxf4 Be5 17. Nfd5 Nxd5 18. Nxd5 Qc4 19. Qa5 Be6 20. Nb6 Qc7 21. Kb1 Rac8 22. c3 g6 23. Qb4 a5 24. Qb5 Qc5 25. Qxc5 Rxc5 26. Nd5 b5 27. a3 Rb8 28. h5 Kg7 29. Rd2 Rc4 30. Ne3 Rc5 31. Nd5 Rc4 32. Ne3 Rc7 33. Nd5 Ra7 34. Kc2 Rc8 35. Kd1 b4 36. cxb4 Bxd5 37. exd5 axb4 38. axb4 Rc4 39. Ke2 Bf4 40. Kd3 Rxb4 41. Rc2 Rb3+ 42. Ke2 Re7+ 43. Kf2 Ree3 44. Be2 Bg3+ 45. Kg2 Be5 46. hxg6 Rg3+ 47. Kf2 fxg6 48. Rd1 Rh3 49. Rf1 Kf6 50. Bd1 Kg5 51. Be2 Bxb2 52. Rd2 Ba3 53. Rc2 Bc5+ 54. Ke1 Rh2 0-1

[Event "HUN-ch U18 Girls"]
[Site "Balatonlelle"]
[Date "2012.06.26"]
[Round "4"]
[White "Bea, Boglarka"]
[Black "Dudas, Szilvia"]
[Result "1/2-1/2"]
[WhiteElo "2110"]
[BlackElo "1887"]
[PlyCount "84"]
[EventDate "2012.06.22"]
[EventType "tourn"]
[EventRounds "7"]
[EventCountry "HUN"]
[SourceTitle "EXT 2014"]
[Source "ChessBase"]
[SourceDate "2013.11.20"]
[SourceVersion "1"]
[SourceVersionDate "2013.11.20"]
[SourceQuality "1"]

1. e4 e5 2. Nf3 Nc6 3. Bb5 a6 4. Ba4 Nf6 5. d3 d6 6. c3 b5 7. Bc2 Bg4 8. h3 Bh5 9. 0-0 Be7 10. Re1 0-0 11. Nbd2 Na5 12. Nf1 c5 13. g4 Bg6 14. Nh4 Ne8 15. Nf5 Bg5 16. N1e3 Bxf5 17. exf5 Nc7 18. Qf3 Qd7 19. Nd5 Bxc1 20. Nb6 Qd8 21. Nxa8 Bxb2 22. Nxc7 Qxc7 23. Rab1 Bxc3 24. Re2 Nc6 25. Re3 Bd2 26. Qe2 Bxe3 27. fxe3 d5 28. g5 f6 29. g6 h6 30. a4 Rb8 31. Qg2 Qd6 32. Rd1 bxa4 33. Bxa4 Kf8 34. Rc1 Ne7 35. Qc2 Rb4 36. Rb1 Qb6 37. Rxb4 Qxb4 38. e4 Qd4+ 39. Kh2 dxe4 40. Qb3 Qf2+ 41. Kh1 Qf1+ 42. Kh2 Qf4+ 1/2-1/2

[Event "HUN-ch U18 Girls"]
[Site "Balatonlelle"]
[Date "2012.06.22"]
[Round "1"]
[White "Juhasz, Barbara"]
[Black "Bea, Boglarka"]
[Result "1/2-1/2"]
[WhiteElo "2081"]
[BlackElo "2110"]
[PlyCount "52"]
[EventDate "2012.06.22"]
[EventType "tourn"]
[EventRounds "7"]
[EventCountry "HUN"]
[SourceTitle "EXT 2014"]
[Source "ChessBase"]
[SourceDate "2013.11.20"]
[SourceVersion "1"]
[SourceVersionDate "2013.11.20"]
[SourceQuality "1"]

1. e4 c5 2. b3 Nc6 3. Bb2 d6 4. Bb5 Bd7 5. Ne2 Nf6 6. d3 g6 7. 0-0 Bh6 8. f4 0-0 9. h3 Bg7 10. c4 a6 11. Bxc6 Bxc6 12. Qc2 Qc7 13. Nd2 b6 14. Rae1 e6 15. Nf3 Qb7 16. g4 d5 17. cxd5 exd5 18. e5 Nd7 19. d4 Rfe8 20. Ng3 Rac8 21. Qb1 Nf8 22. f5 Qc7 23. Kg2 cxd4 24. Bxd4 Nd7 25. e6 fxe6 26. fxe6 Nc5 1/2-1/2

[Event "Mitropa Cup (Women)"]
[Site "Sibenik"]
[Date "2012.06.04"]
[Round "4"]
[White "Brunello, Marina"]
[Black "Bea, Boglarka"]
[Result "1-0"]
[WhiteElo "2267"]
[BlackElo "2110"]
[PlyCount "67"]
[EventDate "2012.05.31"]
[EventType "team-tourn"]
[EventRounds "7"]
[EventCountry "CRO"]
[SourceTitle "CBM 148 Extra"]
[Source "ChessBase"]
[SourceDate "2012.06.22"]
[SourceVersion "1"]
[SourceVersionDate "2012.06.22"]
[SourceQuality "1"]
[WhiteTeam "Italy (W)"]
[BlackTeam "Hungary (W)"]
[WhiteTeamCountry "ITA"]
[BlackTeamCountry "HUN"]

1. e4 e5 2. Nf3 Nc6 3. d4 exd4 4. Nxd4 Bc5 5. Nb3 Bb6 6. Qe2 d6 7. Be3 Nge7 8. Nc3 0-0 9. 0-0-0 Ne5 10. Bxb6 axb6 11. Qd2 Be6 12. f4 Nc4 13. Qe1 Na5 14. g4 Bxg4 15. Rd3 Ng6 16. Rg1 Nxb3+ 17. cxb3 f5 18. Rdg3 Kh8 19. Qd2 Qh4 20. a3 c6 21. Bd3 Rf7 22. Bc4 Re7 23. h3 Bxh3 24. Rxg6 hxg6 25. Rh1 fxe4 26. Qe3 d5 27. Rxh3 Qxh3 28. Qxh3+ Kg8 29. Nxd5 cxd5 30. Bxd5+ Rf7 31. Qe6 Raf8 32. Qxe4 Kh7 33. Qh1+ Kg8 34. Qh4 1-0

[Event "HUN-chT2 Charousek 1112"]
[Site "Hungary"]
[Date "2012.03.25"]
[Round "8"]
[White "Bea, Boglarka"]
[Black "Biro, Andras"]
[Result "0-1"]
[WhiteElo "2113"]
[BlackElo "2271"]
[PlyCount "166"]
[EventDate "2011.09.25"]
[EventType "team-tourn"]
[EventRounds "11"]
[EventCountry "HUN"]
[SourceTitle "EXT 2013"]
[Source "ChessBase"]
[SourceDate "2012.11.22"]
[SourceVersion "1"]
[SourceVersionDate "2012.11.22"]
[SourceQuality "1"]
[WhiteTeam "Penzugyor II"]
[BlackTeam "MLTC II"]
[WhiteTeamCountry "HUN"]
[BlackTeamCountry "HUN"]

1. e4 e6 2. d4 d5 3. Nc3 Bb4 4. a3 Bxc3+ 5. bxc3 Ne7 6. e5 c5 7. Qg4 Nf5 8. Bd3 h5 9. Qf3 Nc6 10. Bxf5 exf5 11. Ne2 Be6 12. Qg3 Qa5 13. 0-0 0-0-0 14. h4 Qa4 15. Qd3 Kb8 16. Be3 Rc8 17. f4 cxd4 18. Nxd4 Nxd4 19. Bxd4 Rc4 20. Rfb1 Rhc8 21. Rb3 R8c7 22. Rab1 Qd7 23. Qe3 Ra4 24. g3 Qe7 25. Ra1 Rc6 26. Rb4 Rca6 27. Bc5 Qd7 28. Rab1 Rxb4 29. cxb4 Qb5 30. Rb3 Rc6 31. Rc3 b6 32. Bd4 Rxc3 33. Qxc3 Qe2 34. a4 Bd7 35. e6 Qxe6 36. Be5+ Ka8 37. Qc7 Qe8 38. a5 f6 39. a6 Qc8 40. Qxc8+ Bxc8 41. Bd6 Bxa6 42. Bf8 Kb7 43. Bxg7 Kc6 44. Bxf6 Kb5 45. c3 Kc4 46. Kf2 Kd3 47. Be5 Bc4 48. g4 fxg4 49. f5 Bb5 50. f6 Be8 51. b5 Kc4 52. Bb8 Kxb5 53. Bxa7 Kc6 54. Bb8 Kd7 55. Be5 Ke6 56. Bd4 b5 57. Ke3 Kf5 58. Bb6 Kxf6 59. Bc7 Ke6 60. Kd4 Bg6 61. Bg3 Be4 62. Kc5 Bd3 63. Kd4 Bc4 64. Kc5 Kd7 65. Bf4 Kc8 66. Bg3 Kb7 67. Bf4 Ka6 68. Bc7 Ba2 69. Kd4 Kb7 70. Bd6 Kb6 71. Bb4 Bc4 72. Ke3 Bf1 73. Kf4 Be2 74. Ke3 Bf3 75. Kf4 d4 76. cxd4 Kc6 77. Ke3 Kd5 78. Kd3 Be4+ 79. Ke3 g3 80. Be1 g2 81. Bf2 b4 82. Kd2 Kc4 83. Kc1 Kd3 0-1